| 000 | 01866nam0a2200349 4500 | ||
|---|---|---|---|
| 001 | RU\NLR\BIBL_A\011369996 | ||
| 005 | 20260405133354.0 | ||
| 010 |
_a9785444461716 _91000 |
||
| 021 |
_aRU _b2017-20033 _91476 |
||
| 035 | _a(RuMoRGB)008832030 | ||
| 035 | _a(NLR Aleph) 011369996 | ||
| 090 |
_a11345761 _c11345761 |
||
| 100 | _a20170418d2017 u y0rusy50 ca | ||
| 101 | 0 | _arus | |
| 102 | _aRU | ||
| 105 | _aabchz 000zy | ||
| 200 | 1 |
_aОстров православия _eВалдайский Иверский Святоозерский Богородицкий мужской монастырь _e[книга-альбом] _fВиктор Смирнов, Марина Яшина |
|
| 210 |
_aМосква _cВече _d2017 |
||
| 215 |
_a191 с. _cил., цв. ил., факс., портр., карт. _d27 |
||
| 225 | 1 | _aОбители земли Новгородской | |
| 300 | _aВ подписях к портр. авт.: В.Г. Смирнов, почетный гражданин Великого Новгорода, М.В. Яшина, фотохудожник | ||
| 517 | 1 | _aВалдайский Иверский Святоозерский Богородицкий мужской монастырь | |
| 601 | 0 | 2 |
_aИверский-Богородицкий Святоозерский монастырь _92334133 _3RU\NLR\AUTH\661395601 |
| 686 | 2 | _aЭ372.24-647.2 | |
| 700 | 1 |
_7ca _8rus _aСмирнов _bВ. Г. _cписатель, канд. ист. наук _f1945- _gВиктор Григорьевич _937009 _3RU\NLR\AUTH\7754077 |
|
| 701 | 1 |
_aЯшина _bМ. В. _gМарина Валентиновна |
|
| 942 | _cBOOK | ||
| 980 | _aNBR | ||